Statistics for Which country has...

Click here to take the quiz!

General Stats

  • This quiz has been taken 53 times
  • The average score is 10 of 15

Answer Stats

QuestionAnswer% Correct
The capital of Budapest?Hungary
100%
The capital of Seoul?South Korea
100%
The highest murder rate?El Salvador
86%
The Burj Khalifa, the world's tallest building?United Arab Emirates
86%
The tallest people in the world?The Netherlands
84%
The highest obesity rate?Nauru
82%
The lowest population density?Mongolia
80%
The lowest average elevation?Maldives
77%
The highest life expectancy?Monaco
73%
Which TWO countries have the highest number of borders?China and Russia
66%
The Millau Viaduct, the world's tallest bridge?France
55%
The highest percentage of forest?Suriname
48%
The highest average elevation?Bhutan
41%
The lowest life expectancy?Central African Republic
36%
The world's shortest people?Indonesia
30%

Score Distribution

Percentile by Number Answered

Percent of People with Each Score

Your Score History

You have not taken this quiz